| Tag |
First Indicator |
Second Indicator |
Subfields |
| LEADER |
00000cam a2200000 a 4500 |
| 001 |
in00001106213 |
| 005 |
20150929211549.0 |
| 008 |
921110s1992 dcua f000 0 eng d |
| 010 |
|
|
|a gp 93056077
|
| 035 |
|
|
|a (OCoLC)26949174
|
| 035 |
|
|
|9 AFU0118AM
|
| 040 |
|
|
|a GPO
|c GPO
|d DLC
|d UtOrBLW
|
| 043 |
|
|
|a n-us-ut
|
| 074 |
|
|
|a 0633
|
| 086 |
0 |
|
|a I 53.7/2:B 48
|
| 088 |
|
|
|a BLM-UT-GI-92-028-8000
|
| 245 |
0 |
0 |
|a Utah, minimum impact guide :
|b mountain biking.
|
| 264 |
|
1 |
|a [Washington, D.C.?] :
|b [U.S. Dept. of the Interior, Bureau of Land Management],
|c [1992?]
|
| 300 |
|
|
|a 1 folded sheet (6 pages) :
|b illustrations ;
|c 22 x 10 cm.
|
| 336 |
|
|
|a text
|b txt
|2 rdacontent
|
| 337 |
|
|
|a unmediated
|b n
|2 rdamedia
|
| 338 |
|
|
|a sheet
|b nb
|2 rdacarrier
|
| 500 |
|
|
|a "The "Leave No Trace" approach to enjoying the desert backcountry."
|
| 500 |
|
|
|a Shipping list number: 92-0610-P.
|
| 500 |
|
|
|a "BLM-UT-GI-92-028-8000"--P. [6].
|
| 500 |
|
|
|a "KUED 7; KUER FM 90."
|
| 650 |
|
0 |
|a Mountain biking
|z Utah
|x Safety measures.
|
| 650 |
|
0 |
|a Bicycle touring
|z Utah
|x Safety measures.
|
| 650 |
|
0 |
|a Cycling
|z Utah
|x Safety measures.
|
| 710 |
1 |
|
|a United States.
|b Bureau of Land Management.
|
| 740 |
0 |
|
|a Mountain biking.
|
| 999 |
|
|
|a MARS
|
| 999 |
f |
f |
|s 5b99b24f-c5aa-3551-b7e0-cd04e4a4ccda
|i d0bd7607-0910-3821-9dd2-f41785c96fe6
|t 0
|
| 952 |
f |
f |
|p normal
|a Texas A&M University
|b College Station
|c Sterling C. Evans Library
|d Evans: US Documents (Annex 5th floor)
|t 0
|e I 53.7/2:B 48
|h Superintendent of Documents classification
|i unmediated -- sheet
|m A14816987047
|
| 998 |
f |
f |
|a I 53.7/2:B 48
|t 0
|l Evans: US Documents (Annex 5th floor)
|